000 00440nam a2200181Ia 4500
005 20240823043658.0
008 240823s9999||||xx |||||||||||||| ||und||
041 _aENGLISH
082 _A629.8312 M7
100 _a"Ogata,Katsuhiko"
245 0 _aModern Control Engineering
250 _a1st
260 _c1987
_b"PHI,New Delhi"
500 _aTRANSFERED
650 _aControl Theory
_bInstrumentation
942 _cBK
999 _c210785
_d210785